| 000 | 01864cam a22004694i 4500 | ||
|---|---|---|---|
| 003 | PE-LiUPU | ||
| 005 | 20250731173410.0 | ||
| 008 | 150706s2011 txu r 000 0 spa d | ||
| 020 | _a9780311290161 | ||
| 035 | _a(Sirsi) i9780311290161 | ||
| 040 |
_aPE-LiUPU _bspa _cPE-LiUPU _erda |
||
| 049 | _aPRUA | ||
| 082 | 0 | 4 |
_a231.042 _bG69 _221 |
| 100 | 1 |
_aGonzález, Justo, _eautor. |
|
| 245 | 1 | 0 |
_aRetos y oportunidades para la iglesia de hoy : _brecursos en la historia de la iglesia para una iglesia posmoderna / _cJusto González. |
| 264 | 1 |
_aAlabama Street, Texas : _bMundo Hispano, _c2011. |
|
| 300 |
_a126 páginas ; _c21 centímetros |
||
| 336 |
_atext _2rdacontent |
||
| 337 |
_aunmediated _2rdamedia |
||
| 338 |
_avolume _2rdacarrier |
||
| 505 | 0 | _aQué es la posmodernidad -- Modernidad y cristianismo -- Posmodernidad y globalización -- Posmodernidad y descristianización -- Recursos en la historia de la iglesia -- A manera de apéndice: la educación teológica en la posmodernidad. | |
| 526 | _aSEG42 | ||
| 526 | _aSEG41 | ||
| 526 | _aSEG40 | ||
| 526 | _aSEG39 | ||
| 526 | _aP94 | ||
| 526 | _aP87 | ||
| 526 | _aP86 | ||
| 526 | _aP85 | ||
| 526 | _aP77 | ||
| 526 | _aP76 | ||
| 526 | _aP35 | ||
| 541 | _g0010000548; | ||
| 650 | 0 | 4 |
_aIglesia _ySiglo XXI. |
| 650 | 0 | 4 | _aPosmodernismo. |
| 910 |
_agl _bjv _clch _d20111030 |
||
| 942 |
_2ddc _cBOOK |
||
| 949 |
_a231.042 G69 _wDEWEY _c1 _i63915 _lCCODEBUL1 _mBUL _p8.00 _r0 _sY _tBOOK _u2015-7-6 _xTEOLOGIA _PP35 _o.STAFF. Colección General |
||
| 994 |
_aC0 _bPEPRU |
||
| 596 | _a1 | ||
| 999 |
_a231.042 G69 _wDEWEY _c52775 _i63915 _d52775 _e2018-10-1 _f2021-11-9 _g5 _lCCODEBUL1 _mBUL _n10 _p8.00 _q4 _r0 _sY _tBOOK _u2015-7-6 _xTEOLOGIA _PP35 _0COMPRA _o.STAFF. Colección Teología |
||
| 980 |
_81 _gALBERTO SANCHEZ Responsable de Automatización |
||